Witch twins and melody malady. (Record no. 114849)
[ view plain ]
| 000 -LEADER | |
|---|---|
| fixed length control field | 00321nam a2200121 a 4500 |
| 005 - DATE AND TIME OF LATEST TRANSACTION | |
| control field | 20140414132114.0 |
| 008 - FIXED-LENGTH DATA ELEMENTS--GENERAL INFORMATION | |
| fixed length control field | 110824s19uu xx 00 eng d |
| 050 ## - LIBRARY OF CONGRESS CALL NUMBER | |
| Classification number | FIC |
| Item number | GRI 2004 |
| 100 ## - MAIN ENTRY--PERSONAL NAME | |
| Personal name | Griffin, Adele |
| 245 ## - TITLE STATEMENT | |
| Title | Witch twins and melody malady. |
| 260 ## - PUBLICATION, DISTRIBUTION, ETC. (IMPRINT) | |
| Place of publication, distribution, etc | U.S.A : |
| Name of publisher, distributor, etc | Hyperion Paperback, |
| Date of publication, distribution, etc | 2004. |
| Withdrawn status | Lost status | Damaged status | Home library | Current library | Shelving location | Date acquired | Source of acquisition | Total Checkouts | Full call number | Barcode | Date last seen | Price effective from | Koha item type |
|---|---|---|---|---|---|---|---|---|---|---|---|---|---|
| Munich Library | Munich Library | Fiction Section | 08/24/2011 | FIC GRI 2004 | M6758 | 04/14/2014 | 04/14/2014 | Books |